000 00391nam a22001577a 4500
020 _a9788170357483
020 _a9788170357506
082 _a628.11
_bKHA/WA
100 _aKhanna, D.R
_9338
245 _aWater and wastewater management, Vol.2
260 _aDelhi
_bDaya Publishing House
_c2011
300 _a694
700 _aBhutiani, R
_9339
700 _aMatta, Gagan
_9340
942 _cBK
999 _c13694
_d13694